Statistics for Unique Objects on Country Flags

Click here to take the quiz!

General Stats

  • This quiz has been taken 106 times
  • The average score is 6 of 20

Answer Stats

Object(s)Country% Correct
maple leafCanada
99%
six-pointed starIsrael
56%
yin yang symbolSouth Korea
42%
cedar treeLebanon
41%
dragonBhutan
38%
book, hoe, and AK-47 rifleMozambique
31%
pair of keysVatican City
31%
wheelIndia
30%
tridentBarbados
26%
the shape of the country itselfCyprus
26%
parrotDominica
23%
paradise birdPapua New Guinea
23%
Vishnu templeCambodia
22%
the shape of the country itselfKosovo
21%
piece of cogwheel and macheteAngola
17%
two people near a treeBelize
17%
lion with a swordSri Lanka
16%
mosqueAfghanistan
15%
black hatLesotho
11%
hands, wings, parasol, and crescentBrunei
9%

Score Distribution

Percentile by Number Answered

Percent of People with Each Score

Your Score History

You have not taken this quiz